000 00764nam a22002297a 4500
003 UA-OsUOA
001 89153
007 ta
008 20121031b un ||||| |||| 00| 0 ukr d
090 _a343.326
_bЗ-33
942 _cBK
040 _aUA-OsUOA
_bukr
_cUA-OsUOA
_dUA-OsUOA
245 _aЗапобігання радикалізації і тероризму: міжнародний досвід і національний вимір
_bзбірник матеріалів "круглого столу"
300 _a104 с.
955 _a2
041 _aukr
080 _a343.326
020 _a978-966-554-167-7
260 _aК.
_bНІСД
_c2012
650 7 _a343 Кримінальне право. Карні порушення
_2UDC
999 _c375429
_d375429